| 000 | 00824nam a2200217 a 4500 | ||
|---|---|---|---|
| 001 | BRCA_8829 | ||
| 005 | 20190320210428.0 | ||
| 008 | 050517s1736----sp-#######---#000-0#spa-# | ||
| 041 | _aspa | ||
| 044 | _asp | ||
| 084 |
_aBE210 _b.B47 1736 |
||
| 100 | 1 |
_aBerni, Juan Bautista _d1705 - 1744 _922005 |
|
| 245 | 1 | 0 |
_aFilosofía racional, natural, imoral _csu autor el Dr. Juan Bautista Berni; Filosofía metafísica, o transnatural. |
| 260 |
_aValencia _bPor Antonio Bordazar de Artázu _c1736 |
||
| 300 |
_a296 p. _c15 x 10 cm. |
||
| 500 | _aEstado físico: presenta encuadernación en pergamino con presencia del pez de plata, carece de cintas y lomo semi desprendido | ||
| 650 | 1 | 4 |
_aFilosofía _yObras anteriores a 1800 _922006 |
| 700 | 1 |
_aBordazar de Artázu, Antonio _eImpresor _922007 |
|
| 902 | _aCFM | ||
| 942 |
_2lcc _cB |
||
| 999 |
_c8480 _d8480 |
||